01371 2200289 4500001002100000005001500021035002000036007000300056008004100059020001800100082001600118084002200134100003600156245007200192250001400264300003700278650001500315520058800330651001300918264004300931336002100974337003000995338002301025990001101048990001101059990001101070INLIS00000000002288920250826011218 a0010-0825000171ta250826 g 0 ind  a602-8506-18-4 a360.959 817 a360.959 817 RIB k0 aRibka Chintia SukitoePengarang1 aKeindahan Budaya Bumi Raflesia Bengkulu Jilid 1 /cAndarini Saprika aCetakan 1 a67 halaman :bIlustrasi ;c25 cm 4aKebudayaan aKeindahan Budaya Bumi Raflesia Bengkulu Jilid 1 Identitas suatu bangsa dapat dikenal melalui kebudayaannya. Demikian pula dengan negara Indonesia, yang terdiri dari berbagai kebudayaan yang tersebar di seluruh Kepulauan Indonesia.Buku ini mengajak para pembaca untuk lebih jauh mengenal keindahan kebudayaan bangsa Indonesia yang beragam itu. Salah satunya adalah kebudayaan yang berasal dari Propinsi Bengkulu. Rupa kebudayaan itu sendiri terwujud dalam bentuk adat istiadat, kesenian daerah, tempat-tempat bersejarah dan peninggalan arkeologi yang dimanfaatkan untuk tempat wisata. 4aBengkulu aJakarta :bMultazam Mulia Utama,c2010 2rdacontentaTeks 2rdamediaaTanpa Perantara 2rdacarrieraLembar a060388 a060390 a060389